000 02104nam a22003733i 4500
001 EBC6450081
003 MiAaPQ
005 20240323203805.0
007 cr cnu||||||||
008 230417s2021 xx o ||||0 ger d
020 _a9783835345492
_q(electronic bk.)
020 _z9783835338180
040 _aMiAaPQ
_beng
_cMiAaPQ
100 1 _aWarnke, Martin.
_920123
_4aut
_eauthor
245 1 0 _aWarburgs Schnecke :
_bKulturwissenschaftliche Skizzen.
_cMartin Warnke; mit einem Essay von Horst Bredekamp; herausgegeben von Matthias Bormuth
264 1 _aGöttingen :
_bWallstein Verlag,
_c2021.
264 4 _c{copy}2021.
300 _a1 online resource (247 pages)
336 _aText
_btxt
_2rdacontent
337 _aComputermedien
_bc
_2rdamedia
338 _aOnline Resource
_bcr
_2rdacarrier
500 _aE-Book-ProQuest / Fernzugriff nach Registrierung möglich
505 0 _aUmschlag -- Titel -- Inhalt -- Matthias Bormuth: Kunstgeschichte im Geist der Skepsis -- Horst Bredekamp: »Wie es sein sollte«. Kunst als Vorbild -- I. -- »Wir haben ihn verloren, wir müßten ihn gewinnen.« Rede zum Tod des Vater -- Der »Fall César« zu Dortmund. Rede zur Ehrenpromotion -- II. -- Wissenschaft als Knechtungsakt -- Jacob Burckhardt und Karl Marx -- Zur Situation der Couchecke -- III. -- Cranachs Luther. Entwürfe für ein Image -- »Alle werden fallen«. Gedanken zu Goya -- Goyas Gesten -- »Der Leidschatz der Menschheit«. Erinnerungen an Aby Warburg -- Der lange Weg von Warburgs Schnecke -- Anmerkungen -- Nachweise -- Dank -- Impressum.
600 1 _2Warnke, Martin
650 7 _aKunst
650 7 _aKunstwissenschaft
_92851
650 7 _aKunstgeschichtsschreibung
655 _aFernzugriff
_9230
700 1 _aBormuth, Matthias.
_91323
_4edt
_eeditor
700 1 _aBredekamp, Horst.
_920083
_4ctb
_eContributor
776 0 8 _iPrint version:
_aWarnke, Martin
_tWarburgs Schnecke
_dGöttingen : Wallstein Verlag,c2021
_z9783835338180
856 4 0 _uhttps://ebookcentral.proquest.com/lib/maxweberstiftung-ebooks/detail.action?docID=6450081
_zVolltext
942 _cEB
_2z
999 _c62224
_d62224